000 00585cam a22001934a 4500
020 _a0471415383 (pbk.)
040 _cDLC
082 0 0 _a571 WIL 2001 A033 Or.
100 1 _aCook, P. R.
245 1 0 _aPrinciples of nuclear structure and function /
260 _aNew York :
_bWiley,
_cc2001.
300 _axv, 352 p. :
_bill. (some col.) ;
_c26 cm.
650 0 _aCell nuclei.
650 0 _aCell cycle.
650 0 _aGenetics.
856 4 2 _uhttp://www.loc.gov/catdir/description/wiley0310/00065440.html
856 4 _uhttp://www.loc.gov/catdir/toc/onix07/00065440.html
942 _cEK
999 _c12283
_d12283